Normal view
MARC view
- Congreso Internacional de Arte para la Educación
Entry Nombre de Reunión
001 - NÚMERO DE CONTROL
- campo de control: 59075
003 - IDENTIFICADOR DE NÚMERO DE CONTROL
- campo de control: MX-MxUPN
005 - FECHA Y HORA DE LA ÚLTIMA TRANSACCIÓN
- campo de control: 20260323155610.0
008 - DATOS DE LONGITUD FIJA
- campo de control de longitud fija: 260317|| acn||aabn | a|a d
040 ## - FUENTE DE CATALOGACIÓN
- Agencia original de catalogación: MX-MxUPN
- Lenguaje de catalogación: spa
111 2# - ENCABEZAMIENTO - NOMBRE DE REUNIÓN
- Nombre de reunión o de jurisdicción: Congreso Internacional de Arte para la Educación
- Número de la parte, sección o reunión: 2°
670 ## - FUENTE EN LA QUE SE LOCALIZARON DATOS
- Cita de la fuente: Arte para la educación: métodos y metodologías, 2024 :
- Información localizada: página 19 (2o Congreso Internacional de Arte para la Educación: Métodos y Metodologías)
- Identificador Uniforme del Recurso: http://hdl.handle.net/20.500.12209/20363
902 ## - CATALOGADOR
- Catalogador: JohanaAllegre/170326
